Tilastot visalle Yleistieto #30

Klikkaa tästä pelataksesi tätä visaa!

Yleistilastot

  • Tätä visaa on pelattu 506 kertaa
  • Keskiarvotulos 7 / 15

Vastaustilastot

VinkkiVastaus% Oikein
Missä on Suomen suurin kyläkauppa?Tuurissa
90%
Mikä on Australian pääkaupunki?Canberra
88%
Mikä on Vantaan ruotsinkielinen nimi?Vanda
81%
Kuka oli Yhdysvaltain presidentti ennen Obamaa?George W. Bush
73%
Mikä on Suomen kansalliskoira?Suomenpystykorva
72%
Mikä on Euroopan suurin tulivuori?Etna
70%
Mikä vuoristo sijaitsee Norjan ja Ruotsin välillä?Skandit
62%
Mikä Yhdysvaltojen osavaltio alkaa D-kirjaimella?Delaware
60%
Kuka voitti parhaan naisnäyttelijän Oscarin roolistaan elokuvassa "La-la-Land"?Emma Stone
30%
Mikä on Bangladeshin pääkaupunki?Dhaka
26%
Kuka kirjoitti "Välskärin Kertomuksia"?Sakari Topelius
19%
Mikä joki virtaa Prahan läpi?Vltava
16%
Kuka on Suomen menestynein ammattilaisskeittari?Arto Saari
7%
Kuka esitti Barbarellaa samannimisessä elokuvassa?Jane Fonda
6%
Kenen hitti on "What Have You Done For Me Lately"?Janet Jackson
6%

Tulosjakauma

Persentiili vastausten määrän mukaan

Jokaisen tuloksen saaneiden osuus

Tuloshistoriasi

Et ole pelannut tätä visaa